| 000 | 01470cam a2200385 i 4500 | ||
|---|---|---|---|
| 001 | 64471 | ||
| 003 | Mx-PuUPA | ||
| 005 | 20240410104106.0 | ||
| 008 | 220523s2018 sp a|||fr|||| 001 0 spa d | ||
| 017 | _aM-27036-2017 | ||
| 020 | _a9788417033392 | ||
| 040 |
_cMx-PuUPA _aMx-PuUPA _erda _dMx-PuUPA _bspa |
||
| 041 | 1 |
_aspa _heng |
|
| 130 | 0 | _aElectrophysiology : the basics | |
| 245 | 1 | 0 |
_aElectrofisiología : _bfundamentos / _c[editor], Jonathan S. Steinberg ; Suneet Mittal, director ; traducción, Germán Arias Rebatet, Bernardo Arias Muñoz |
| 250 | _a2a. edición | ||
| 264 | 1 |
_aBarcelona, España : _bWolters Kluwer, _c©2018 |
|
| 300 |
_axvi, 332 páginas : _bilustraciones ; _c21 cm |
||
| 336 |
_2rdacontent _atexto _btxt |
||
| 336 |
_2rdacontent _aimagen fija _bsti |
||
| 337 |
_2rdamedia _aSin medio _bn |
||
| 338 |
_2rdacarrier _avolumen _bnc |
||
| 650 | 7 |
_2armarc _aArritmia |
|
| 650 | 7 |
_2armarc _aCorazón _xPropiedades eléctricas |
|
| 650 | 7 |
_2armarc _aElectrofisiología |
|
| 700 | 1 |
_aSteinberg, Jonathan S., _eeditor |
|
| 700 | 1 |
_aMittal, Suneet, _edirector |
|
| 700 | 1 |
_aArias Rebatet, Germán, _etraductor |
|
| 700 | 1 |
_aArias Muñoz, Bernardo, _etraductor |
|
| 765 | 0 | 8 |
_aSteinberg, Jonathan S., _tElectrophysiology : the basics _z9781496340016 |
| 942 |
_cLI _2ddc _h616.1280645 _iE374 |
||
| 999 |
_c64471 _d64471 |
||